50 films à remplir - 1990 - Statistiques

Statistiques générales
  • Ce quiz a été pris 173 fois
  • Le résultat moyen est 31 sur 50
Statistiques - réponses
Hint Réponse % Correct
Retour vers le ... 3 Futur
90%
..., j'ai raté l'avion ! Maman
90%
... de Bergerac Cyrano
88%
... aux mains d'argent Edward
87%
Les ... Ninja Tortues
87%
Présumé ... Innocent
84%
Robo... 2 Cop
83%
... avec les loups Danse
83%
La Bande à ..., le film : Le Trésor de la lampe perdue Picsou
83%
Les ... Affranchis
82%
Il y ... des jours... et des lunes A
80%
La ... de mon père Gloire
80%
Comme un ... sur la branche Oiseau
79%
... Woman Pretty
78%
Ripoux contre ... Ripoux
78%
La ... des morts-vivants Nuit
76%
Bernard et Bianca au pays des ... Kangourous
75%
Le ... de ma mère Château
73%
Tatie ... Danielle
73%
...phobie Arachno
72%
Le ..., 3e partie Parrain
72%
Nos ... sauvages Années
71%
... Recall Total
70%
58 ... pour vivre Minutes
69%
À la poursuite d'... Rouge Octobre
69%
Les ... de la nuit Anges
68%
48 ... de plus Heures
67%
... (de Luc Besson) Nikita
64%
Cry-... Baby
61%
... (avec Patrick Swayze, Demi Moore, Whoopi Goldberg et Tony Goldwyn) Ghost
61%
... Europa Europa
60%
Close-... Up
60%
The ... of New York King
59%
... 2 : La Nouvelle Génération Gremlins
58%
Rosencrantz & ... sont morts Guildenstern
58%
L'expérience ... Interdite
58%
... 5 Rocky
53%
... Discrète La
48%
... Vague Nouvelle
48%
Sailor & ... Lula
47%
... Is Burning Paris
45%
Mr ... l'Australien Quigley
41%
... Tracy Dick
40%
L'Échelle de ... Jacob
37%
Le mystère ... Bülow Von
32%
Miller's ... Crossing
30%
Dark... Man
30%
... Blues Taxi
23%
White ..., Black Heart Hunter
14%
... D - Futur : Néant Rodrigo
9%
Aucun quiz correspondant
Distribution des résultats
% des personnes avec chaque résultat
Percentile par nombre de réponses
Votre historique - résultats
Vous n’avez pas pris ce quiz